| 000 | 00790nam a22001937a 4500 | ||
|---|---|---|---|
| 999 |
_c372026 _d372026 |
||
| 008 | 201127b ||||| |||| 00| 0 eng d | ||
| 040 |
_aDE-2950 _bger _cDE-2950 _erda |
||
| 041 | _ager | ||
| 245 |
_aIHP-Ausgründung hat Kundern in der ganzen Welt _bWirtschaft. Das Unternehmen Silicon Radar ist in Frankfurt wenig bekannt. Dabei hat der Chip.Hersteller 40 Mitarbeiter und nun den Hanse-Preis erhalten/ _cPhilipp Stepputtis |
||
| 264 | _c2022 | ||
| 653 | _aFrankfurt (Oder) | ||
| 653 | _aSilicon Radar | ||
| 653 | _aHanse Preis | ||
| 773 |
_dFrankfurt (Oder) Märkisches Verlags- und Druckhaus GmbH & Co KG _tMärkische Oderzeitung _g33. Jahrgang (2022) Nr. 286 vom 08.12.2022, S. 13: mit Foto |
||
| 942 | _cA | ||